|
|
|
|
| LEADER |
00895cam a2200217 7i4500 |
| 001 |
0000028641 |
| 005 |
20121114090000.0 |
| 022 |
0 |
0 |
|a 1675302X
|
| 090 |
0 |
0 |
|a M 381.1025
|b MAL
|
| 245 |
0 |
0 |
|a Malaysia convention & exhibition directory 2012/ 2013.
|
| 260 |
0 |
0 |
|a Shah Alam:
|b Marshall Cavendish,
|c 2012.
|
| 300 |
# |
# |
|a 348 p.
|
| 650 |
0 |
0 |
|a Exhibitions --
|x Directories --
|z Malaysia
|
| 650 |
0 |
0 |
|a Conventions --
|x Directories --
|z Malaysia
|
| 651 |
0 |
0 |
|a Malaysia
|
| 999 |
|
|
|a JHR000345H
|b Directories
|c Malaysia
|e MATRADE Southern Regional Office
|
| 999 |
|
|
|a 0000031938
|b Directories
|c Malaysia
|e Business Information Centre
|
| 999 |
|
|
|a PNG001054H
|b Directories
|c Malaysia
|e MATRADE Northern Regional Office
|
| 999 |
|
|
|a SBH001022H
|b Directories
|c Malaysia
|e MATRADE Sabah
|
| 999 |
|
|
|a SRW000449H
|b Directories
|c Malaysia
|e MATRADE Sarawak
|
| 999 |
|
|
|a TRG000331H
|b Directories
|c Malaysia
|e MATRADE Eastern Regional Office
|